000 01382nam a2200265Ia 4500
003 OSt
005 20211028103213.0
008 210310t1964 sp fr 000 0dspa d
040 _aCO-JMCR
_cCO-JMCR
041 1 _aspa
_heng
082 0 4 _a330.98 /
_bP886a
_223
100 1 _aPowelson, John P.,
_917921
_eautor
245 1 0 _aAmérica Latina :
_bla revolución económica y social actual /
_cJohn P. Powelson ; traducido y revisado por Ana García-Bernal Piñero, Víctor Rieg García
260 _aMadrid :
_bEdiciones del Castillo,
_c©1964
300 _aviii, 330 páginas ;
_c23 cm.
490 0 _aMcGraw-Hill de desarrollo internacional
500 _aIncluye datos biográficos del autor y notas a pie de página
505 0 _aLa revolución económica -- Enfoque individual y colectivo de desarrollo económico -- Reforma agraria -- Monopolio -- Productos primarios -- La experiencia de cuatro mercancías .-Cobre, azúcar, petróleo y café -- Inflación -- Integración económica -- Ayuda exterior -- La planificación económica nacional -- Revolución vieja y nueva
546 _aTraducido del inglés.
650 1 4 _aAlianza para el Progreso
_917923
_zAmérica Latina
650 2 4 _aHistoria económica
_zAmérica Latina
_910315
700 1 _aGarcía-Bernal Piñero, Ana,
_etraductora
_941322
700 1 _aRieg García, Víctor,
_etraductor
_941323
942 _2ddc
_cBK
999 _c8661
_d8661